书目信息 |
| 题名: |
海洋微生物学
|
|
| 作者: | 张晓华待 编著 | |
| 分册: | ||
| 出版信息: | 北京 科学出版社 2016.07 |
|
| 页数: | 464页 | |
| 开本: | 25cm | |
| 丛书名: | ||
| 单 册: | ||
| 中图分类: | Q93 | |
| 科图分类: | ||
| 主题词: | 微生物学 | |
| 电子资源: | ||
| ISBN: | 7-03-049425-3 | |
| 000 | 00605nam0 2200205 450 | |
| 001 | 2360334274 | |
| 005 | 20230227165400.04 | |
| 010 | @a7-03-049425-3@dCNY138.00 | |
| 100 | @a20230227d2016 km y0chiy0120 ea | |
| 101 | 0 | @achi |
| 102 | @aCN@b110000 | |
| 200 | 1 | @a海洋微生物学@AHai Yang Wei Sheng Wu Xue@f张晓华待编著@FZhang Xiao Hua Dai Bian Zhu |
| 205 | @a第二版 | |
| 210 | @a北京@c科学出版社@d2016.07 | |
| 215 | @a464页@d25cm | |
| 606 | 0 | @a微生物学 |
| 690 | @aQ93@v4 | |
| 701 | 0 | @a张晓华待@AZhang Xiao Hua Dai@4编著 |
| 801 | 0 | @aCN@b大连网信软件有限公司图书馆·11@c20230227 |
| 905 | @aZUCC@dQ93@e126=2 | |
| 海洋微生物学/张晓华待编著.-第二版.-北京:科学出版社,2016.07 |
| 464页;25cm |
| ISBN 7-03-049425-3:CNY138.00 |
| ● |
| 相关链接 |
|
|
|
|
正题名:海洋微生物学
索取号:Q93/126=2
 
预约/预借
| 序号 | 登录号 | 条形码 | 馆藏地/架位号 | 状态 | 备注 |
| 1 | 1052689 | 210526894 | 第二样本阅览室/ [索取号:Q93/126=2] | 在馆 | |
| 2 | 1052707 | 210527072 | 第三借阅区/ [索取号:Q93/126=2] | 在馆 |